000 01049nam a22002177a 4500
005 20231229111858.0
010 _aHIN-113191-92
020 _c1800.00 (vol 1-2)
_a9789380943114
020 _a9789380943121
020 _a9789380943138 (सैट)
035 _aHN-85536,HN-85538
037 _bDBAD/PUB
082 _a921
100 _aश्रीवास्तव,महावीर प्रसाद
_960393
245 _aभास्करांशपुरूषप्रोक्त सूर्यसिद्धान्त/
_cमहावीर प्रसाद श्रीवास्तव
260 _aदिल्ली
_bआर्यावर्त संस्कृति संस्थान
_c2017
270 _aडी-48, गली नं-3, दयालपुर, करावल नगर रोड
_bदिल्ली
_e110094
300 _aदो भाग (552,496)पृ.
_c23 सेमी.(सजिल्द)
490 _vvol I-2
942 _2ddc
_cHN
_h921
_mश्रीवास्त
999 _c148416
_d148416